[Event "GCT Croatia Blitz 2021"]
[Site "Zagreb"]
[Date "2021.07.10"]
[Round "1"]
[White "Nepomniachtchi, Ian"]
[Black "Korobov, Anton"]
[Result "1-0"]
[WhiteElo "2792"]
[BlackElo "2683"]
[Annotator "TA"]
[PlyCount "106"]
[EventDate "2021.07.10"]
[EventType "tourn"]
[EventCountry "CRO"]
[SourceTitle "playchess.com"]
[Source "ChessBase"]
[SourceQuality "1"]

{[%evp 14,106,39,20,25,29,26,11,20,16,17,0,0,-21,-12,-18,-20,-6,-9,-18,-32,-20,
-41,-41,-17,-26,-33,-8,-25,-11,0,0,0,0,0,0,0,0,0,0,28,35,36,37,77,74,77,76,92,
84,88,76,87,0,34,19,19,19,39,4,4,4,4,4,11,17,50,33,37,33,56,0,0,0,0,0,24,24,31,
31,31,36,107,99,29965,29960,5381,0,0,0,29976,29977,29973,156,151]} 1. c4 Nf6 2.
g3 g6 3. Bg2 Bg7 4. Nc3 O-O 5. Nf3 Nc6 6. d4 d6 7. O-O a6 8. Bf4 Rb8 {E63:
King's Indian: Fianchetto: Panno Variation with 7...a6.} 9. Rc1 Bd7 {9...h6
gains popularity.} 10. d5 Na5 {The position is equal.} 11. b3 b5 12. cxb5 axb5
13. Nd4 b4 {[#]} 14. Na4 $146 ({Predecessor:} 14. Nb1 e5 15. dxe6 fxe6 16. Bd2
c5 17. Nf3 Qb6 18. Be1 Bb5 19. Bd2 Ne4 20. Be3 {1-0 (49) Valderrama Quiceno,E 
(2542)-Zapata,A (2390) Quibdo 2015}) 14... e5 15. dxe6 $1 fxe6 {Hoping for ...
e5.} 16. Nc6 Nxc6 17. Bxc6 Bxc6 18. Rxc6 Nd5 19. Bd2 Qd7 20. Rc4 c5 21. e4 Nb6
22. Nxb6 Rxb6 23. Be3 Qf7 24. f4 Ra6 25. Rf2 Rfa8 26. e5 Bf8 27. exd6 Rxd6 28.
Qf3 Rd5 {[#]} 29. Bxc5 $1 Bxc5 {[#]} 30. Rxc5 {[%mdl 64] Pin} Rad8 31. Rc4 Qf5
32. Kg2 Rd2 33. Re4 ({Don't play} 33. Rxb4 $6 Qc2 $11) ({White should try} 33.
Qe4 $16) 33... R8d3 34. Rxd2 Rxd2+ $14 {[%mdl 4096] Endgame KQR-KQR} 35. Re2
Qc2 36. Rxd2 (36. Qa8+ {feels hotter.} Kf7 37. Qa7+ Kg8 38. Qb8+ Kf7 39. Rxd2
Qxd2+ 40. Kh3) 36... Qxd2+ {KQ-KQ} 37. Qf2 Qd5+ 38. Kf1 Qd1+ 39. Qe1 Qd3+ 40.
Qe2 Qd5 41. Kf2 Kf7 42. h4 (42. Qc2 $14) 42... Qd4+ $11 43. Kg2 Qd5+ 44. Kh2
Kf6 45. Qb2+ Kf5 46. a4 bxa3 $1 47. Qxa3 Kg4 ({Better is} 47... Qd4 $14) 48.
Qb4 $16 {Strongly threatening f5+.} Qd3 {[%mdl 8192]} (48... Kf5 $16) 49. f5+
$1 Kh5 {[#]} 50. fxe6 $2 (50. Qf4 $1 $18 {[%csl Gh4][%cal Rf4g5]} h6 51. g4+
Kxh4 52. f6 Qh3+ 53. Kg1 Qxb3 54. f7 Qg3+ 55. Qxg3+ Kxg3 56. f8=Q) 50... Qe2+
$11 51. Kg1 Qxe6 $2 {[%mdl 8192]} (51... Qe3+ $11 52. Kg2 Qe2+ 53. Kg1 Qe3+ 54.
Kh1 Qf3+ 55. Kh2 Qe2+ 56. Kg1) 52. Qf4 {[%csl Gh4][%cal Rf4g5]} Qd5 53. Kh2 $2
(53. b4 {mates} h6 54. Kf2 Qa2+ 55. Kf3 g5 56. Qg4+ Kg6 57. Qe4+ Kf6 58. Qd4+
Kf5 59. Qd7+ Kf6 60. Qd6+ Kg7 61. Qe5+ Kg6 62. Qe8+ Kg7 63. Qe5+ Kg6 64. Qe8+
Kg7 65. Qe5+) 53... h6 {Weighted Error Value: White=0.36/Black=0.47} 1-0

[Event "GCT Croatia Blitz 2021"]
[Site "Zagreb"]
[Date "2021.07.10"]
[Round "1"]
[White "Grischuk, Alexander"]
[Black "Duda, Jan-Krzysztof"]
[Result "1/2-1/2"]
[WhiteElo "2778"]
[BlackElo "2738"]
[Annotator "TA"]
[PlyCount "50"]
[EventDate "2021.07.10"]
[EventType "tourn"]
[EventCountry "CRO"]
[SourceTitle "playchess.com"]
[Source "ChessBase"]
[SourceQuality "1"]

{[%evp 13,50,39,48,47,62,10,21,12,11,38,35,11,14,9,10,8,13,11,13,13,13,14,21,5,
0,0,0,0,0,0,0,0,0,0,0,0,0,0,0]} 1. e4 c6 2. d4 d5 3. e5 Bf5 4. Nf3 e6 5. Be2 c5
6. Be3 Qb6 7. Nc3 Nc6 8. O-O {dxc5 is the strong threat. B12: Caro-Kann:
Advance Variation.} Qxb2 9. Qe1 {The main line 9.Qe1 scores better than 9.Nb5.}
(9. Nb5 $14 Rc8 10. dxc5) 9... cxd4 $11 ({Reject} 9... Bxc2 10. dxc5 Bg6 11. a3
$16) 10. Bxd4 Nxd4 ({Don't blunder} 10... Qxc2 $2 11. Rc1 $18) ({Not} 10...
Bxc2 $2 11. Nb5 $18) 11. Nxd4 Bb4 {[#]} 12. Rb1 $1 Bxc3 {The position is equal.
} 13. Rxb2 Bxe1 14. Rxe1 b6 15. h4 {Threatening g4.} h5 16. Nxf5 exf5 17. c4
Ne7 {[#]} 18. cxd5 $146 ({Predecessor:} 18. Rd2 O-O-O 19. Red1 d4 20. f4 Ng6
21. g3 Nf8 22. Rxd4 Rxd4 23. Rxd4 Ne6 24. Rd5 g6 25. Kf2 Nc5 26. Ke3 {1/2-1/2 
(26) Tarrio Ocana,F (2453)-Brewer,S (2437) ICCF email 2019}) 18... Nxd5 19. Rd2
Nc3 20. Bf3 $36 {[%mdl 2048] White has good play.} Rd8 21. Rc2 Ne4 22. Rc7 Rd7
23. Rc8+ Rd8 24. Rc7 Rd7 25. Rc8+ Rd8 {Weighted Error Value: White=0.08/
Black=0.02} 1/2-1/2

[Event "GCT Croatia Blitz 2021"]
[Site "Zagreb"]
[Date "2021.07.10"]
[Round "1"]
[White "Giri, Anish"]
[Black "Anand, Viswanathan"]
[Result "1-0"]
[WhiteElo "2776"]
[BlackElo "2753"]
[Annotator "TA"]
[PlyCount "77"]
[EventDate "2021.07.10"]
[EventType "tourn"]
[EventCountry "CRO"]
[SourceTitle "playchess.com"]
[Source "ChessBase"]
[SourceQuality "1"]

{[%evp 10,77,20,19,34,14,17,0,0,0,0,0,0,0,0,10,8,-4,14,22,40,31,38,0,80,0,0,0,
0,0,0,-24,-33,-22,8,-54,-53,-107,0,0,0,-17,15,0,6,0,6,0,8,0,56,-55,0,0,77,-2,0,
-28,-20,-27,0,0,29991,352,29992,29993,29993,29994,29996,29997]} 1. e4 e5 2. Nf3
Nc6 3. Bc4 Bc5 4. c3 Nf6 5. d3 d6 6. Bg5 a6 {C54: Giuoco Piano: 4 c3 Nf6, main
lines with 5 d4 and 5 d3.} 7. Nbd2 Ba7 8. O-O h6 {The position is equal.} 9.
Bh4 g5 10. Bg3 O-O 11. a4 Nh7 12. h3 h5 13. d4 {[%cal Rd4e5]} h4 14. Bh2 {
[%cal Rd4e5]} g4 15. hxg4 Bxg4 {[%cal Re5d4]} 16. Be2 {[%cal Rf3e5] [#]} Bxf3
$146 (16... Qf6 $11 {keeps the balance.}) ({Predecessor:} 16... Qf6 17. Kh1 Qh6
18. b4 exd4 19. cxd4 Nxd4 20. Nxd4 Bxd4 21. Rc1 Bxe2 22. Qxe2 Rac8 {1/2-1/2 
(30) Cvak,R (2396)-Loisel,D (2243) ICCF email 2018}) 17. gxf3 (17. Nxf3 $16
exd4 18. cxd4 (18. Nxd4 Qg5 $16)) 17... exd4 $11 18. f4 Kh8 19. Kh1 Rg8 20. Bd3
dxc3 21. bxc3 Qd7 22. f5 (22. Qh5 $11 Qh3 23. Qf3) 22... Ne5 $15 23. Nf3 (23.
Bxe5+ $15 dxe5 24. Nf3) 23... Qe7 (23... Ng4 $17 24. Qd2 Nhf6) 24. Nxe5 $11
dxe5 25. Rb1 c6 26. Qh5 {Hoping for Rxb7!} b5 27. axb5 axb5 28. Ra1 f6 29. Bc2
Rg5 ({Better is} 29... b4 $11) 30. Qf3 ({White should try} 30. Qxh4 $14 Qf7 31.
Bd1) 30... Rd8 (30... Rg7 $1 $15) 31. Bb3 Rd2 {[#]} (31... Bb6 $11 {remains
equal.}) 32. Rad1 (32. Rg1 $1 $16 {[%cal Rg1g5] aiming for Rxg5.} Bxf2 33. Rxg5
Nxg5 34. Qh5+ Nh7 35. Bg1 Bxg1 36. Rxg1) 32... Rxd1 33. Rxd1 Bb6 34. Ra1 Qc5
35. Ra8+ Kg7 $2 {[%mdl 8192]} (35... Nf8 $11) 36. Rg8+ Kh6 {[#] Threatens to
win with ...Rxg8.} 37. Bf4 $1 {[%mdl 512] White mates.} exf4 38. Qxf4 Qxf2 39.
Rg6+ $1 {Weighted Error Value: White=0.23/Black=0.42} 1-0

[Event "GCT Croatia Blitz 2021"]
[Site "Zagreb"]
[Date "2021.07.10"]
[Round "1"]
[White "Vachier-Lagrave, Maxime"]
[Black "Mamedyarov, Shakhriyar"]
[Result "1-0"]
[WhiteElo "2749"]
[BlackElo "2782"]
[Annotator "TA"]
[PlyCount "75"]
[EventDate "2021.07.10"]
[EventType "tourn"]
[EventCountry "CRO"]
[SourceTitle "playchess.com"]
[Source "ChessBase"]
[SourceQuality "1"]

{[%evp 14,75,22,9,45,49,45,46,45,38,81,69,67,68,87,78,95,88,94,94,91,80,72,82,
101,100,121,90,94,91,93,61,147,145,149,123,171,156,164,154,361,199,229,235,229,
225,213,218,210,210,219,217,699,699,699,684,684,681,660,660,645,632,733,724]} 
1. c4 Nf6 2. Nc3 g6 3. d4 Bg7 4. e4 O-O 5. Nf3 c6 6. d5 d6 7. Be2 cxd5 8. exd5
Bg4 {E91: King's Indian: Classical: 6 Be2, unusual replies including 6...c5
and 6...Bg4.} 9. O-O Nbd7 10. Nd4 Bxe2 {White is slightly better.} 11. Qxe2 {
[#]} Nxd5 $146 ({Predecessor:} 11... Rc8 12. b3 Nc5 13. Be3 Qd7 14. h3 a6 15.
Rfc1 e5 16. dxe6 fxe6 17. Rc2 Nh5 {1-0 (60) Mamedjarova,Z (2285)-Danielian,E 
(2476) Istanbul 2012}) 12. Nxd5 Bxd4 13. Nxe7+ Kh8 {[#]} 14. Be3 $1 Bg7 (14...
Be5 15. Nd5) 15. Nd5 Re8 16. Rad1 Nf6 17. Qf3 {And now Bg5 would win.} Nxd5 18.
Rxd5 Qc7 19. b3 Re6 20. Rfd1 Rae8 21. g3 b6 22. Kg2 f5 (22... Be5 $14) 23. Bf4
$16 Bf8 24. h4 h5 {[#]} 25. a4 $1 Kg8 26. a5 bxa5 $2 {A mistake that costs the
game.} (26... Qc6 $16 27. axb6 axb6) 27. Ra1 (27. c5 $142) 27... Qb7 28. Rdxa5
Qxf3+ 29. Kxf3 Rb8 30. Rb5 ({Resist} 30. Rxa7 $6 Rxb3+ 31. Kg2 Rb2 $16) 30...
Rxb5 31. cxb5 $18 {[%mdl 4096] Endgame KRB-KRB} Re4 32. Ra4 ({But not} 32. Rxa7
Rb4 $16) 32... Re1 (32... Re8 33. Rxa7 Rb8) 33. Rxa7 {White is clearly winning.
} Rb1 34. Be3 Rxb3 35. b6 d5 {aiming for ...d4.} 36. Kg2 f4 37. gxf4 Rb5 38.
Rd7 {Weighted Error Value: White=0.11/Black=0.33} 1-0

[Event "GCT Croatia Blitz 2021"]
[Site "Zagreb"]
[Date "2021.07.10"]
[Round "1"]
[White "Van Foreest, Jorden"]
[Black "Kasparov, Garry"]
[Result "1-0"]
[WhiteElo "2688"]
[BlackElo "2812"]
[Annotator "TA"]
[PlyCount "49"]
[EventDate "2021.07.10"]
[EventType "tourn"]
[EventCountry "CRO"]
[SourceTitle "playchess.com"]
[Source "ChessBase"]
[SourceQuality "1"]

{[%evp 17,49,53,48,44,58,77,58,45,33,46,84,81,110,58,92,82,94,62,76,60,117,101,
120,125,153,138,150,154,248,251,256,250,667,667]} 1. e4 c5 2. Nf3 d6 3. d4 cxd4
4. Nxd4 Nf6 5. Nc3 a6 6. Bg5 e6 7. f4 Qc7 8. Bxf6 gxf6 9. Qf3 b5 10. a3 {
10.0-0-0 gains popularity. B96: Sicilian Najdorf: 6 Bg5 e6 7 f4, lines other
than 7...Qb6 and 7...Be7.} Nc6 11. Nxc6 Qxc6 12. f5 {White is slightly better.}
Qc5 13. Be2 Ra7 14. O-O-O {[#]} Qe5 $146 ({Predecessor:} 14... h5 15. fxe6 fxe6
16. Qxf6 Rg7 17. Kb1 Qg5 18. Qd4 Qc5 19. Qd2 Be7 20. g3 h4 {1/2-1/2 (32)
Efendiyev,E (2511)-Kordts,W (2347) IECG email 2002}) 15. Rhf1 ({Better is} 15.
Kb1 $16) 15... Rc7 16. Kb1 h5 17. h4 Be7 18. Qe3 Qc5 ({Black should play} 18...
Bd7 $14) 19. Qg3 $16 Kf8 20. fxe6 {[%mdl 64] Rd5 is the strong threat.
Overworked Piece} fxe6 21. Qg6 Qe5 {[#]} 22. Rd3 $1 {[%cal Rd3f3,Bd1d3,Bd3g3,
Bg3g5][%mdl 32]} Bd8 (22... Rg8 $16 {was worth a try.} 23. Qh6+ (23. Qxh5 Qxh5
24. Bxh5 Rxg2 $11) 23... Ke8 24. Bxh5+ Kd8) 23. Rg3 $18 {Strongly threatening
Rg5.} Rf7 {[#] intending ...f5.} 24. Rg5 {[%cal Rg5e5][%mdl 576] Double Attack,
Pin} Qd4 (24... f5) 25. Bxh5 {[%csl Gh5][%cal Rg6f7] Weighted Error Value:
White=0.06/Black=0.55} 1-0

[Event "GCT Croatia Blitz 2021"]
[Site "Zagreb"]
[Date "2021.07.10"]
[Round "2"]
[White "Kasparov, Garry"]
[Black "Grischuk, Alexander"]
[Result "1/2-1/2"]
[WhiteElo "2812"]
[BlackElo "2778"]
[Annotator "TA"]
[PlyCount "81"]
[EventDate "2021.07.10"]
[EventType "tourn"]
[EventCountry "CRO"]
[SourceTitle "playchess.com"]
[Source "ChessBase"]
[SourceQuality "1"]

{[%evp 12,81,33,32,41,34,38,27,45,27,33,27,26,25,32,26,17,25,29,20,20,26,20,0,
0,0,0,0,0,-4,-4,-7,0,0,0,0,0,-10,0,0,-9,-8,25,0,0,0,0,0,0,0,0,0,0,0,0,0,0,0,0,
0,0,0,0,0,0,0,8,0,0,0,8,0]} 1. d4 d5 2. c4 e6 3. Nc3 c5 4. cxd5 cxd4 5. Qa4+
Bd7 6. Qxd4 exd5 7. Qxd5 Nf6 {D32: Tarrasch Defence: Sidelines and lines
without g3.} 8. Qb3 (8. Qxb7 {with more complications.} Nc6 9. Qb3 Rb8 10. Qd1
Bb4 11. e3) 8... Na6 {[%cal Bb8a6,Ba6c5,Bc5e4][%mdl 32]} 9. Nf3 {Strongly
threatening Ng5.} (9. Qxb7 $2 Nb4 $19) 9... Nc5 {White has an edge.} 10. Qd1
Nce4 11. e3 Bb4 12. Bd2 {[#] Threatens to win with Nxe4.} Bxc3 $146 ({
Predecessor:} 12... Qa5 13. Bd3 Nxd2 14. Qxd2 Rc8 15. Rc1 Nd5 16. O-O Bxc3 17.
bxc3 Nxc3 18. Qb2 b5 19. Nd4 O-O 20. a3 Rfd8 21. Rc2 Na4 22. Qb4 Qxb4 23. axb4
Rxc2 24. Bxc2 {1/2-1/2 (24) Kohler,J (1998)-Jepson,C (2315) ICCF email 2016})
13. Bxc3 Nxc3 14. bxc3 Qa5 15. Qd4 Rc8 16. Qb4 Qc5 17. Bd3 Qxc3+ 18. Qxc3 Rxc3
19. Kd2 Ra3 20. Rhb1 b6 21. Rb3 Ra5 22. Nd4 Ke7 23. a4 Rc8 (23... Bxa4 $6 24.
Rba3 $16) (23... Rxa4 24. Rxa4 Bxa4 25. Ra3 $16) 24. f3 Ne8 ({But not} 24...
Bxa4 25. Rba3 $14) ({Don't play} 24... Rxa4 $6 25. Rxa4 Bxa4 26. Ra3 $16) 25.
Rb4 ({Wrong is} 25. Bxh7 $2 g6 $19) 25... Nd6 26. e4 h5 27. h4 g5 {The
position is equal.} 28. hxg5 Rxg5 29. Bf1 Rgc5 30. Ke3 f5 (30... h4 {looks
sharper.} 31. Kf2 Ra5 32. Bd3 Rc3 33. Ke3 Rc8) 31. exf5 Nxf5+ 32. Nxf5+ Rxf5
33. Bd3 Re5+ 34. Kf2 Rcc5 35. Be4 Bc6 36. Bxc6 Rxc6 37. Ra2 Rcc5 38. Rd2 Rc6
39. Ra2 Rcc5 40. Rd2 Rc6 41. Ra2 {Weighted Error Value: White=0.04/Black=0.02}
1/2-1/2

[Event "GCT Croatia Blitz 2021"]
[Site "Zagreb"]
[Date "2021.07.10"]
[Round "2"]
[White "Mamedyarov, Shakhriyar"]
[Black "Nepomniachtchi, Ian"]
[Result "1-0"]
[WhiteElo "2782"]
[BlackElo "2792"]
[Annotator "TA"]
[PlyCount "83"]
[EventDate "2021.07.10"]
[EventType "tourn"]
[EventCountry "CRO"]
[SourceTitle "playchess.com"]
[Source "ChessBase"]
[SourceQuality "1"]

{[%evp 11,83,14,31,15,12,0,10,5,12,-19,-11,-21,0,0,43,-19,-18,-45,-33,-76,20,
25,30,33,32,18,123,115,141,137,140,106,108,107,118,109,110,63,63,62,67,69,69,
61,104,119,125,118,130,133,129,128,135,116,120,130,181,181,289,291,276,283,283,
262,341,341,514,501,651,630,631,609,1085,1003]} 1. d4 Nf6 2. c4 e6 3. Nf3 d5 4.
Nc3 Bb4 5. Qa4+ Nc6 6. e3 O-O 7. Qc2 {D38: Queen's Gambit Declined: Ragozin
Defence (4 Nf3 Bb4).} b6 8. Bd2 Bb7 9. a3 {The position is equal.} Bd6 10. Bd3
dxc4 11. Bxc4 e5 12. O-O-O {[#]} Qe7 $146 ({Predecessor:} 12... a6 13. dxe5
Nxe5 14. Nxe5 Bxe5 15. f4 Bxc3 16. Bxc3 Qe7 17. Rhe1 Rad8 18. Rxd8 Rxd8 {
1/2-1/2 (30) Caron,S (2186)-Menendez Rodriguez,G (2296) ICCF email 2018}) 13.
d5 (13. Ng5 $14 g6 14. Rhe1) 13... Na5 $11 14. Ba2 c6 {[%cal Rc6d5]} 15. dxc6
Nxc6 ({Better is} 15... Bxc6 $17 16. e4 Rac8) 16. Ng5 {Nd5 is the strong
threat.} e4 17. Ngxe4 ({Don't blunder} 17. Ncxe4 $2 Nxe4 18. Nxe4 Nd4 $1 $19)
17... Nxe4 18. Qxe4 Be5 (18... Nb4 $1 $11 19. Qxe7 Nxa2+ 20. Nxa2 Bxe7) 19. Kb1
$16 Rad8 20. Nd5 Qe8 21. Bc3 Bxc3 22. Qxe8 Rfxe8 23. Nxc3 Ne5 24. Rxd8 (24. f3
{feels hotter.} Ba6 25. e4 Kf8 26. Bb3 h5 27. Ba4) 24... Rxd8 25. f3 g5 26. Rd1
Rxd1+ 27. Nxd1 $14 {[%mdl 4096] Endgame KBN-KBN} g4 {White stays focused until
the end.} 28. f4 Nd3 29. g3 Ne1 30. Nf2 h5 31. Kc1 $1 Kg7 32. Kd1 Nf3 {[#]} 33.
h4 Nh2 {[#]} (33... gxh3 $16 {keeps fighting.} 34. Nxh3 Bc6) 34. Bc4 $1 $18 Kf6
(34... f5 {might work better.} 35. Bb5 Kf6) 35. e4 Nf3 36. Ke2 Ke7 37. Ke3 f6
38. Be2 Ng1 (38... f5 $142 39. exf5 (39. Bxf3 gxf3 40. e5 Kf7 $18) 39... Ne1)
39. Bd1 {White is clearly winning.} Ba6 40. Nxg4 hxg4 41. Bxg4 f5 42. exf5 {
Weighted Error Value: White=0.08/Black=0.33} 1-0

[Event "GCT Croatia Blitz 2021"]
[Site "Zagreb"]
[Date "2021.07.10"]
[Round "2"]
[White "Giri, Anish"]
[Black "Vachier-Lagrave, Maxime"]
[Result "1-0"]
[WhiteElo "2776"]
[BlackElo "2749"]
[Annotator "TA"]
[PlyCount "83"]
[EventDate "2021.07.10"]
[EventType "tourn"]
[EventCountry "CRO"]
[SourceTitle "playchess.com"]
[Source "ChessBase"]
[SourceQuality "1"]

{[%evp 13,83,0,0,0,0,0,0,0,0,0,0,0,-4,0,0,0,0,0,0,0,7,0,0,-24,-20,-36,-28,-35,
121,129,121,121,122,122,160,149,174,178,191,191,191,191,189,189,191,191,191,
187,202,209,207,199,185,198,223,229,327,326,319,320,329,321,339,323,382,390,
490,466,1500,1532,29993,1981]} 1. Nf3 Nf6 2. c4 c5 3. Nc3 Nc6 4. d4 cxd4 5.
Nxd4 e6 6. g3 Qb6 7. Ndb5 $1 {[%mdl 4] outshines the older 7.Nb3.} Ne5 8. Bf4 {
A33: Symmetrical English: 2 Nf3 Nf6 3 d4 cxd4 4 Nxd4 e6 5 Nc3 Nc6.} Nfg4 {
[#] ( -> ...Nf3+!)} 9. e3 {Black must now prevent Be2.} a6 10. h3 {The
position is equal.} axb5 11. hxg4 Nxc4 12. Qb3 $1 {[%cal Rb3b5]} d5 $1 {
Threatens to win with ...Bd7.} 13. Bxc4 dxc4 14. Qxb5+ Qxb5 15. Nxb5 Bb4+ 16.
Ke2 $5 {[%mdl 4] A promising side line.} Ke7 17. a3 Bc5 18. Rhd1 Bd7 19. Bd6+
Bxd6 20. Nxd6 {[#]} b5 $146 {[#]} (20... c3 $15 {keeps the upper hand.}) ({
Predecessor:} 20... c3 21. bxc3 Ra6 22. Ne4 Bb5+ 23. Kd2 Bc6 24. Nc5 Rd8+ 25.
Kc2 Rxd1 26. Kxd1 Bf3+ {1/2-1/2 (38) Oskulski,J (2495)-Ruggeri Laderchi,G 
(2513) ICCF email 2007}) 21. Nxf7 $1 $16 {[%mdl 512] Black is on the road to
losing.} Rhc8 22. Ne5 Be8 23. Kd2 Rc5 24. f4 c3+ 25. bxc3 Rac8 26. Rdc1 h6 27.
e4 Rd8+ 28. Ke3 Rdc8 29. Kd4 R5c7 30. c4 Rd8+ 31. Ke3 Rdc8 32. Rc3 bxc4 33. Rb1
Ba4 34. Rb6 Bb3 (34... Kf6 {is a better defense.} 35. Rb4 Ra7 36. Rcxc4 (36.
Rbxc4 Rxc4 37. Rxc4 Bb5 $18) 36... Rxc4 37. Rxc4 (37. Nxc4 Bd1 $18) 37... Bb5)
35. f5 $18 exf5 36. gxf5 Kf8 37. Kf4 Kg8 38. g4 Rc5 39. Ng6 {aiming for Ne7+.}
R5c7 40. g5 hxg5+ (40... Bd1 $142 41. gxh6 gxh6) 41. Kxg5 {White wants to mate
with Rh3.} Bd1 42. e5 {Weighted Error Value: White=0.02/Black=0.33} (42. Rh3
$142 Bh5 43. Rxh5 Re7 44. Nxe7+ Kf8 45. Nxc8 g6 46. Kxg6 Ke8 47. Rd6 Kf8 48.
Rh8#) 1-0

[Event "GCT Croatia Blitz 2021"]
[Site "Zagreb"]
[Date "2021.07.10"]
[Round "2"]
[White "Anand, Viswanathan"]
[Black "Duda, Jan-Krzysztof"]
[Result "1-0"]
[WhiteElo "2753"]
[BlackElo "2738"]
[Annotator "TA"]
[PlyCount "55"]
[EventDate "2021.07.10"]
[EventType "tourn"]
[EventCountry "CRO"]
[SourceTitle "playchess.com"]
[Source "ChessBase"]
[SourceQuality "1"]

{[%evp 12,55,13,8,13,0,11,0,18,-8,-2,-15,0,0,0,0,0,-10,0,-37,0,0,0,-39,-25,-37,
0,0,18,9,444,456,437,445,464,452,446,421,392,400,475,467,559,567,547,544]} 1.
e4 c6 2. d4 d5 3. e5 Bf5 4. h4 h5 5. Bd3 Bxd3 6. Qxd3 e6 7. Nf3 Qa5+ {B12:
Caro-Kann: Advance Variation.} 8. Nbd2 Nh6 9. O-O Be7 {The position is equal.}
10. c4 Nf5 11. g3 Na6 {[#]} 12. b3 $146 ({Predecessor:} 12. c5 b6 13. b4 Nxb4
14. Qc3 Qa4 15. Rb1 Na6 16. cxb6 O-O 17. bxa7 Rxa7 18. Nb3 {0-1 (70) Bethke,R 
(2332)-Triapishko,A (2510) Chess.com INT 2021}) 12... Rd8 13. Bb2 c5 14. cxd5
Nb4 15. Qe4 Nxd5 16. Nc4 Qa6 17. dxc5 Bxc5 18. Kh2 b5 19. Ncd2 {[%cal Bc4d2,
Bd2e4,Be4c5,Bc5e4,Be4f6,Bf6d7][%mdl 32]} Nb4 {aiming for ...Nd3.} 20. Qe2 Nc2
$2 {[%mdl 8192] [#] This costs Black the game.} (20... O-O $11 {and Black is
okay.}) 21. Ne4 $1 $18 {[%csl LRc2,LRc5][%mdl 64] Discovered Attack} Nxa1 22.
Nxc5 Qc6 23. Rc1 O-O 24. Ne4 ({Not} 24. Bxa1 Qd5 $18) 24... Qb6 25. Rxa1 ({
Don't take} 25. Bxa1 Rc8 $18) 25... Rc8 26. Nfg5 {White is clearly winning.} g6
27. Nf6+ Kg7 28. Nd7 {Weighted Error Value: White=0.09/Black=0.52} 1-0

[Event "GCT Croatia Blitz 2021"]
[Site "Zagreb"]
[Date "2021.07.10"]
[Round "2"]
[White "Korobov, Anton"]
[Black "Van Foreest, Jorden"]
[Result "1-0"]
[WhiteElo "2683"]
[BlackElo "2688"]
[Annotator "TA"]
[PlyCount "49"]
[EventDate "2021.07.10"]
[EventType "tourn"]
[EventCountry "CRO"]
[SourceTitle "playchess.com"]
[Source "ChessBase"]
[SourceQuality "1"]

{[%evp 10,49,23,17,25,27,50,57,73,79,105,106,122,114,106,110,126,129,303,288,
720,709,718,727,970,980,935,919,962,916,1127,1132,1129,1107,1097,1072,1535,
1491,1424,1581,1562,1569]} 1. e4 c6 2. Nc3 d5 3. Nf3 dxe4 4. Nxe4 Nf6 5. Ng3 {
[%cal Be4g3,Bg3e2,Be2c3][%mdl 32]} h5 6. h3 h4 {B11: Caro-Kann: Two Knights
Variation.} 7. Ne2 {[#]} Nbd7 $146 ({Predecessor:} 7... Bf5 8. Ned4 Bg6 9. Bc4
Nbd7 10. O-O e5 11. Re1 Be7 12. Nb3 e4 13. Ng5 Nb6 14. Bf1 {1/2-1/2 (50)
Bartel,M (2636)-Rapport,R (2752) Germany 2019}) 8. Nc3 e5 {White is slightly
better.} 9. Bc4 e4 10. Ng5 Ne5 {[#]} 11. Bb3 Bf5 12. O-O {aiming for d4.} Bc5
13. d3 exd3 $2 {[#]} (13... Qe7 $16 {was necessary.}) 14. Re1 $1 $18 {[%csl
LRe5,LRf7][%cal Re1e5]} Bd4 ({Wrong is} 14... Qd4 $2 15. Be3 $18) (14... Qe7
15. Nxf7 dxc2) 15. Nxf7 {[%mdl 64] Double Attack. White is clearly winning.}
Qb6 16. Qf3 Be4 17. Rxe4 Nxe4 18. Qxe4 Rh5 19. Bf4 Bxf2+ 20. Kh1 Qd4 21. Nxe5 {
Qg6+ would kill now.} Qxe4 22. Nxe4 dxc2 23. Bf7+ {[%mdl 64] Double Attack} Kf8
24. Bxh5 Bd4 25. Rc1 {Black got outplayed after the opening.  Weighted Error
Value: White=0.00/Black=0.41} 1-0

[Event "GCT Croatia Blitz 2021"]
[Site "Zagreb"]
[Date "2021.07.10"]
[Round "3"]
[White "Nepomniachtchi, Ian"]
[Black "Giri, Anish"]
[Result "1/2-1/2"]
[WhiteElo "2792"]
[BlackElo "2776"]
[Annotator "TA"]
[PlyCount "94"]
[EventDate "2021.07.10"]
[EventType "tourn"]
[EventCountry "CRO"]
[SourceTitle "playchess.com"]
[Source "ChessBase"]
[SourceQuality "1"]

{[%evp 21,94,9,5,7,25,23,17,0,0,0,0,0,4,7,8,8,8,7,5,8,8,0,2,0,0,0,0,0,21,27,23,
37,41,16,16,14,14,11,10,7,10,9,9,10,12,0,0,0,0,0,0,0,0,0,0,0,0,0,0,0,0,0,0,0,0,
0,0,0,0,0,0,0,0,0,0]} 1. c4 Nf6 2. g3 e6 3. Bg2 d5 4. Nf3 Be7 5. O-O O-O 6. d4
dxc4 7. Qc2 a6 8. a4 Bd7 9. Qxc4 Bc6 10. Bg5 Bd5 {10...Nbd7 deserves study.}
11. Qc2 Be4 12. Qd1 {E05: Open Catalan: 5 Nf3 Be7.} c5 13. dxc5 Bxc5 14. Nc3 {
[#] And now Qxd8 would win.} Bc6 15. Ne5 Bxg2 16. Kxg2 Bd4 17. Bxf6 gxf6 18.
Nf3 Bxc3 19. bxc3 Qxd1 20. Rfxd1 Nc6 {[#]} 21. Rd7 $146 ({Predecessor:} 21. Nd2
) 21... Na5 22. Rad1 Rac8 23. Nd2 f5 24. e4 Rxc3 25. exf5 exf5 26. Nf3 Rc5 27.
R1d6 Nc4 {The position is equal.} 28. Rh6 b5 29. Rxa6 bxa4 30. Nd2 (30. Rxa4 $2
Nb6 $17) 30... Nxd2 31. Rxd2 $11 {[%mdl 4096] Endgame KRR-KRR} f4 32. g4 h5 33.
gxh5 (33. h3 {looks sharper.} hxg4 34. hxg4 Rc4 35. Ra2 f5 36. gxf5 Rxf5 37.
Kf3) 33... Rg5+ 34. Kf3 Rxh5 35. Rxa4 Rxh2 36. Rxf4 Rh6 37. Rd7 Kg7 38. Rf5 Rg6
39. Kf4 Rf6 40. f3 Rxf5+ 41. Kxf5 {KR-KR} Ra8 42. Kg4 Kg6 43. Kg3 Ra4 44. Rd6+
f6 45. Rd7 Rb4 46. Rd6 Ra4 47. Rd7 Rb4 {Weighted Error Value: White=0.02/
Black=0.01} 1/2-1/2